Control of water pollution from construction sites: guide to good practice (Record no. 102167)

MARC details
000 -LEADER
fixed length control field 01177cam a2200289 4500
008 - FIXED-LENGTH DATA ELEMENTS--GENERAL INFORMATION
fixed length control field 000000n2002 000 0 eng u
020 ## - INTERNATIONAL STANDARD BOOK NUMBER
International Standard Book Number 0860178072
035 ## - SYSTEM CONTROL NUMBER
System control number (Sirsi) u118713
050 ## - LIBRARY OF CONGRESS CALL NUMBER
Classification number 614.77
110 ## - MAIN ENTRY--CORPORATE NAME
Corporate name or jurisdiction name as entry element United Kingdom
Subordinate unit Department of Trade and Industry
245 ## - TITLE STATEMENT
Title Control of water pollution from construction sites: guide to good practice
260 ## - PUBLICATION, DISTRIBUTION, ETC.
Place of publication, distribution, etc. London
Name of publisher, distributor, etc. CIRIA
Date of publication, distribution, etc. 2002
300 ## - PHYSICAL DESCRIPTION
Extent Table-top presentation, 9 toolbox talks, 12 laminated guidance sheets + CD ROM in pack
Dimensions 30cm
350 ## - PRICE (NR) (BK AM CF MU VM SE) [OBSOLETE]
Price 180
490 ## - SERIES STATEMENT
Series statement CIRIA
Volume/sequential designation SP 156
520 ## - SUMMARY, ETC.
Summary, etc. Pack of best practice materials designed to help consultants, environmental managers, foremen and site supervisors train construction workers to protect the water environment and ensure that the number of pollution incidents is minimised.
650 ## - SUBJECT ADDED ENTRY--TOPICAL TERM
Topical term or geographic name entry element POLLUTION
650 ## - SUBJECT ADDED ENTRY--TOPICAL TERM
Topical term or geographic name entry element Environment
9 (RLIN) 6238
650 ## - SUBJECT ADDED ENTRY--TOPICAL TERM
Topical term or geographic name entry element WATER POLLUTION
650 ## - SUBJECT ADDED ENTRY--TOPICAL TERM
Topical term or geographic name entry element GROUNDWATER
650 ## - SUBJECT ADDED ENTRY--TOPICAL TERM
Topical term or geographic name entry element BUILDING SITES
650 ## - SUBJECT ADDED ENTRY--TOPICAL TERM
Topical term or geographic name entry element CONSTRUCTION SITES
690 ## - LOCAL SUBJECT ADDED ENTRY--TOPICAL TERM (OCLC, RLIN)
Topical term or geographic name as entry element BUILT ENVIRONMENT
710 ## - ADDED ENTRY--CORPORATE NAME
Corporate name or jurisdiction name as entry element Construction Industry Research and Information Association
9 (RLIN) 4810
710 ## - ADDED ENTRY--CORPORATE NAME
Corporate name or jurisdiction name as entry element England and Wales
Subordinate unit Environment Agency
9 (RLIN) 2469
942 ## - ADDED ENTRY ELEMENTS (KOHA)
Suppress in OPAC 0
Holdings
Withdrawn status Lost status Damaged status Not for loan Home library Current library Shelving location Date acquired Total Checkouts Full call number Barcode Date last seen Copy number Price effective from Koha item type
        London London Books 05/07/2002   CIRIA REPORTS 30066103 10/05/2024 1 06/08/2019 Reference material